|
|
|
|
| LEADER |
00000nam a2200000 a 4500 |
| 001 |
UCW8376 |
| 003 |
CL-VaPUC |
| 008 |
880812e19860000SP |||||||||||||||||spa|d |
| 082 |
0 |
4 |
|a 274
|b SUA
|2 21
|
| 100 |
0 |
|
|a Suárez, Luis
|e author
|9 313539
|
| 245 |
1 |
0 |
|a Raíces cristianas de Europa
|
| 300 |
|
|
|a 147 p
|
| 942 |
|
|
|c BK
|
| 945 |
|
|
|d 19880812 00:00:00
|
| 260 |
|
|
|a Madrid
|b Palabra
|c 1986
|
| 650 |
|
7 |
|a CRISTIANISMO HISTORIA
|2 CL-VaPUC
|9 257077
|
| 650 |
|
7 |
|a IGLESIA Y PROBLEMAS SOCIALES
|2 CL-VaPUC
|9 256615
|
| 651 |
|
0 |
|a Europa
|9 255156
|
| 583 |
|
|
|a last modification
|c 19880812 00:00:00
|k Rodrigo Vera
|
| 999 |
|
|
|c 220768
|d 220766
|
| 952 |
|
|
|0 0
|1 0
|4 0
|6 274_000000000000000_SUA_1986
|7 0
|8 A
|9 213360
|a BIBHIS
|b BIBHIS
|d 2019-11-15
|i 2817233
|o 274 SUA 1986
|p 2817233
|r 2025-01-20
|w 2019-11-15
|y BK
|k HIS
|
| 952 |
|
|
|0 0
|1 0
|4 0
|6 274_000000000000000_SUA_1986
|7 0
|8 A
|9 213361
|a BIBHIS
|b BIBHIS
|d 2019-11-15
|i 2817241
|l 1
|o 274 SUA 1986
|p 2817241
|r 2025-01-20
|s 2022-07-21
|w 2019-11-15
|y BK
|k HIS
|
| 952 |
|
|
|0 0
|1 0
|4 0
|6 274_000000000000000_SUA_1986
|7 0
|8 A
|9 213362
|a BIBEDU
|b BIBEDU
|d 2019-11-15
|i 281725K
|o 274 SUA 1986
|p 281725K
|r 2019-11-15
|w 2019-11-15
|y BK
|k FIL
|